Top 5 Countries by Religion (Percentage) - Statistics

General Stats
  • This quiz has been taken 86 times
  • The average score is 14 of 25
Answer Stats
Hint Continent Answer % Correct
100% Europe Vatican City
96%
79.8% Asia India
83%
52.2% Asia China
76%
27.9% Oceania Fiji
75%
99.8% Asia Iran
72%
81.2% Asia Nepal
71%
57% Asia Japan
70%
93.2% Asia Thailand
68%
69.3% Asia Sri Lanka
64%
74.4% Asia Bhutan
62%
96.9% Asia Cambodia
62%
99% Oceania Tonga
57%
99.7% Asia Afghanistan
55%
89.9% Asia Myanmar
55%
71.3% Asia North Korea
53%
99% Oceania Papua New Guinea
50%
59.6% Europe Estonia
45%
100% Asia Maldives
45%
99.8% Africa Somalia
43%
24.9% Americas Guyana
42%
99% Asia Timor-Leste
39%
47.9% Africa Mauritius
37%
76.4% Europe Czech Republic
36%
99.9% Africa Mauritania
34%
99% Europe Romania
26%
No matching quizzes found
Score Distribution
Percent of People with Each Score
Percentile by Number Answered
Your Score History
You have not taken this quiz